Академия наук СССР: персональный состав

Библиографические подробности
Другие авторы: Скрябин Г. К. (редактор)
Язык:русский
Опубликовано: Москва, Наука, 1974-
Формат: MixedMaterials Книга
Запись в KOHA:https://koha.lib.tpu.ru/cgi-bin/koha/opac-detail.pl?biblionumber=82122

MARC

LEADER 00000nam1a2200000 4500
001 82122
005 20231031095531.0
035 |a (RuTPU)RU\TPU\book\88268 
090 |a 82122 
100 |a 20050928d1974 k y0rusy50 ca 
101 0 |a rus 
102 |a RU 
200 1 |a Академия наук СССР  |e персональный состав  |f под ред. Г. К. Скрябина 
210 |a Москва  |c Наука  |d 1974- 
702 1 |a Скрябин  |b Г. К.  |4 340 
801 1 |a RU  |b 63413507  |c 20050928  |g PSBO 
801 2 |a RU  |b 63413507  |c 20060406  |g PSBO 
942 |c BK